Opplysningstiden - Statistics

General Stats
  • This quiz has been taken 226 times
    125 since last reset
  • The average score is 17 of 51
Answer Stats
Hint Answer % Correct
Styreform der kongen (eller en monark med annen tittel) har all makt Enevelde
80%
Styreform der kongens makt er begrenset av en grunnlov Konstitusjonelt monarki
60%
Styreform uten konge, men med president (som oftest) som statssjef Republikk
60%
Den engelske filosofen som støttet parlamentarisk styre og var mot enevelde i 1689 John Locke
55%
Den franske filosofen som skrev om maktfordeling Montesquieu
55%
Et synonym for og det vanligste navnet på en lovgivende forsamling (som vårt Storting), oppstod i Storbritannia Parlament
50%
Den franske filosofen som vektla rettigheter Voltaire
50%
Prinsippet fra opplysningstidens tankegods som hindrer en institusjon fra å ha for mye makt Maktfordeling
45%
Den fransk-sveitsiske filosofen som vektla folkesuverenitet Rousseau
45%
Hva ble ikke regnet som en rettighet og forbeholdt menn med eiendom Stemmerett
45%
Noe som opplysningstidens revolusjonære var særlig opptatt av og hevdet at alle mennesker hadde/skulle ha Borgerrettigheter (aka naturlige rettigheter/menneskerettigheter)
40%
Prinsippet som sier at statens makt kommer fra folket og at staten skal tjene dem, et grunnprinsipp i den moderne nasjonalstaten Folkesuverenitet
40%
Dokumentet som forklarer hvordan USA skal styres Grunnloven (the Constitution)
40%
Den politiske ideologien (-ismen) for de som støttet opplysningstidens tankegods og individets frihet Liberalisme
40%
Kongen da dette foregikk Ludvig 16.
40%
Det opprørske slagordet til amerikanerne som mislikte det britiske styret i kolonitiden No taxation without representation
40%
USAs utøvende makt Presidenten
40%
Han som forfattet Uavhengighetserklæringen (og senere ble landets tredje president) Thomas Jefferson
40%
Den viktigste av ovennevnte Ytringsfrihet (og religionsfrihet)
40%
Dokument med 10 grunnlovstillegg Bill of Rights
35%
USAs lovgivende forsamling (som er delt inn i overhuset Senatet og underhuset Representantenes hus) Congress (Kongressen)
35%
En langsiktig konsekvens av den franske revolusjonen Demokratisering i Europa
35%
Kongen som innførte enevelde i Frankrike på 1600-tallet Ludvig 14.
35%
Et samfunn der geistlige og adel har privilegier som resten ikke har, så det er ikke likhet for loven Stendersamfunn
35%
USAs dømmende makt (det engelske ordet for høyesterett) Supreme Court
35%
Datoen Uavhengighetserklæringen ble undertegnet 4. juli 1776
30%
Ord som egentlig innebærer svak konge og sterke adelsmenn, men som noen bruker om makten lensherrer har over bøndene (som de delvis fortsatt hadde) Føydalisme
30%
Den politiske ideologien (-ismen) for de som støttet gamle eliter, tradisjoner og verdier og at samfunnet ikke må endres for brått Konservatisme
30%
-Ismen som fremmet at alle med felles språk og kultur skulle ha egen nasjonalstat Nasjonalisme
30%
Illiberal praksis i flere amerikanske delstater frem til avskaffelsen i 1865 Slaveriet
30%
De tre statsmaktene ifølge det ovennevnte prinsippet Utøvende, lovgivende og dømmende
30%
Grunnlovstillegget som garanterer ytrings-, religions- og forsamlingsfrihet 1st amendment (1. grunnlovstillegg)
25%
-Ismen som fremmet kvinners rettigheter (henger sammen med liberalisme) Feminisme
25%
Det britiske parlamentets underhus der innbyggerne i Storbritannia med stemmerett sendte sine representanter House of Commons
25%
Den store tenkeren på 1800-tallet som videreutviklet den ovennevnte -ismen til å fremme et klasseløst samfunn, og som gjorde den stor i arbeiderbevegelsen Karl Marx
25%
Generalen som tok over Frankrike og gjorde seg til eneveldig keiser, selv om han fortsatt trodde på (noen av) revolusjonens idealer Napoleon
25%
Den politiske ideologien (-ismen) som fremmet interessene til arbeiderklassen (som var uten eiendom og derfor stemmerett) Sosialisme
25%
Engelske navnet for Uavhengighetserklæringen US Declaration of Independence
25%
Dato for stormingen av Bastillen (Bastilldagen) 14. juli 1789
20%
To nye land som ble til gjennom en samlingsprosess på 1800-tallet Italia og Tyskland
20%
Et rettighetsbasert samfunn basert på opplysningstidens tankegods, der alle er frie og like (med like rettigheter og lik rett til politisk medbestemmelse) Liberalt demokrati
20%
Det kongen sammenkalte for å få orden i statens økonomiske problemer og gjeldskrise etter å deltatt i den amerikanske revolusjonen Stenderforsamlingen
20%
Misfornøyd med det urettferdige systemet, tok representanter fra ovennevnte denne eden der de lovet å gi Frankrike en grunnlov Ballhuseden
15%
Lovboken i Frankrike fra 1804 som garanterte likhet for loven, religionsfrihet og eiendomsrett, men som umyndiggjorde kvinner Code Napoleon
15%
At 13 britiske bosetterkolonier i Nord-Amerika løsrev seg britisk styre og grunnla USA Den amerikanske revolusjonen
15%
Det som gjorde slutt på eneveldet (aka det gamle regimet) i Frankrike Den franske revolusjonen
15%
En annen type revolusjon som foregikk på samme tid Den industrielle revolusjonen
15%
Den lovgivende forsamlingen som de revolusjonære i praksis styrte landet med Nasjonalforsamlingen
15%
Utenom de geistlige og adel bestod landet av følgende stand Tredjestanden
15%
Det nye klassesamfunnet etter industrialiseringen var delt mellom disse to Arbeiderklassen og borgerskapet
10%
Det store rettighetsdokumentet skrevet av de franske revolusjonære i 1789 Erklæringen om menneskets og borgerens rettigheter
5%
No matching quizzes found
Score Distribution
Percent of People with Each Score
Percentile by Number Answered
Your Score History
You have not taken this quiz since the last reset